| 000 | 02291nam a2200385 i 4500 | ||
|---|---|---|---|
| 003 | OSt | ||
| 005 | 20260120174535.0 | ||
| 008 | 260106t20212021my o gr f000 0 may d | ||
| 020 |
_a9789670372402 _qpaperback _cRM106.00 |
||
| 040 |
_aPPAK _beng _cPPAK _erda |
||
| 041 |
_amay _aeng |
||
| 082 | 0 | 4 |
_a781.62 _223 |
| 090 | 0 | 0 |
_a781.62 _bRUS _dR |
| 100 | 1 |
_aRuslee Ariffin, _eresearcher. _eauthor. _ephotographer. |
|
| 245 | 1 | 0 |
_aGAMELAN NUANSA NUSANTARA = _bSOUNDS OF THE MALAY ARCHIPELAGO / _cPenyelidik, Penulis & Jurugambar: Ruslee Ariffin, Anwardi Jamil ; Jawatankuasa Editorial Penerbitan, Jabatan Muzium Malaysia. |
| 264 | 1 |
_aKuala Lumpur, Malaysia : _bJabatan Muzium Malaysia, _c2021 |
|
| 264 | 4 | _c©2021 | |
| 300 |
_a167 pages : _bcolour photographs ; _c24 cm |
||
| 336 |
_atext _2rdacontent |
||
| 336 |
_astill image _2rdacontent |
||
| 337 |
_aunmediated _2rdamedia |
||
| 338 |
_avolume _2rdacarrier |
||
| 504 | _aBibliography : pages 165-167 | ||
| 520 | _aGamelan: nuansa Nusantara Sounds of the Malay Archipelago presents the general history including legends and myths regarding the origins of gamelan in its various forms in the Malay world. This book also compares the cultural differences and significance of the gamelan in its three forms-the more well-known Javanese and Balinese gamelan and the lesser-known Malay gamelan. What the book is not, is a tome of gamelan's musicology of which there are many more books written by expert and musicians. The void this book wants to fill is to place Malay gamelan into the gamelan's timeline in history and to inform the world that though Indonesian gamelan has a wider global audience and recognition, the Malay gamelan, whose sounds are distinctive, unique and separate from that of the Balinese and Javanese gamelan, exists. | ||
| 546 | _aText in Malay and English. | ||
| 583 |
_aRetained _f“This book must not be disposed of.” |
||
| 650 | 1 | 0 | _aGamelan |
| 650 | 2 | 0 |
_aGamelan _xHistory |
| 650 | 2 | 0 |
_aGamelan music _zMalaysia |
| 650 | 2 | 0 |
_aFolk music _zMalaysia |
| 650 | 2 | 0 |
_aGovernment publications _zMalaysia |
| 700 | 0 |
_aAnwardi Jamil, _eresearcher. _eauthor. _ephotographer. |
|
| 710 | 1 |
_aMalaysia. _bJabatan Muzium. _bJawatankuasa Editorial Penerbitan, _eeditor. |
|
| 942 |
_2ddc _cB |
||
| 999 |
_c202592 _d202592 |
||